[Event "CEDIS Festival saha 2026 - 3. turnir"]
[Site "Podgorica"]
[Date "2026.05.16"]
[Round "3.1"]
[White "Rasovic, Uros"]
[Black "Jeknic, Velimir"]
[Result "1/2-1/2"]
[WhiteElo "2171"]
[BlackElo "1864"]
[WhiteFideId "-1"]
[BlackFideId "-1"]
[PlyCount "157"]
[GameId "2310699455379895"]
[EventDate "2026.05.15"]
[EventType "swiss"]
[EventRounds "5"]
[EventCountry "MNE"]
[SourceVersionDate "2026.05.16"]

1. e4 e6 2. d4 d5 3. e5 c5 4. c3 Nc6 5. Nf3 a6 6. Na3 cxd4 7. cxd4 Bb4+ 8. Bd2 Qa5 9. Nc2 Bxd2+ 10. Qxd2 Qxd2+ 11. Kxd2 f6 12. Bd3 Nge7 13. Rae1 O-O 14. Re2 Bd7 15. h4 Rac8 16. h5 fxe5 17. dxe5 Rf4 18. Rh4 Rcf8 19. Rxf4 Rxf4 20. Ke3 Rg4 21. g3 g6 22. hxg6 Nxg6 23. Kd2 Nge7 24. Re1 Nb4 25. Ne3 Rg7 26. Nd4 Nec6 27. Nxc6 Nxc6 28. Nf1 Nb4 29. Bb1 Bb5 30. Nh2 Nc6 31. Nf3 Rf7 32. Ke3 d4+ 33. Nxd4 Nxd4 34. Kxd4 Rxf2 35. b3 Bc6 36. a4 Bd5 37. b4 Rb2 38. Kc5 b6+ 39. Kxb6 Rxb4+ 40. Ka5 Rg4 41. Re3 h5 42. Bc2 h4 43. gxh4 Rxh4 44. Kxa6 Rb4 45. Ka5 Rb2 46. Rc3 Kg7 47. Bd3 Rb8 48. Bb5 Kg6 49. Re3 Kf5 50. Kb4 Kf4 51. Re1 Be4 52. Kc5 Rd8 53. Bc6 Bd3 54. Kb6 Rd4 55. Kc5 Rd8 56. Bb7 Rd7 57. Kb6 Rd4 58. Bc6 Rb4+ 59. Kc5 Rb2 60. Kd6 Rb6 61. Rc1 Bf5 62. Rc4+ Ke3 63. a5 Ra6 64. Ra4 Bd3 65. Kc7 Ra7+ 66. Kb8 Rg7 67. a6 Bxa6 68. Rxa6 Kd4 69. Ra5 Rg5 70. Kc7 Rxe5 71. Ra4+ Kc5 72. Bd7 Re1 73. Ra7 Kb4 74. Ra4+ Kc5 75. Ra5+ Kb4 76. Kb6 e5 77. Bc6 e4 78. Ra4+ Kb3 79. Rxe4 1/2-1/2

[Event "CEDIS Festival saha 2026 - 3. turnir"]
[Site "Podgorica"]
[Date "2026.05.16"]
[Round "3.2"]
[White "Vesovic, Nebojsa"]
[Black "Djukanovic, Sreten"]
[Result "0-1"]
[WhiteElo "1789"]
[BlackElo "2150"]
[WhiteFideId "-1"]
[BlackFideId "-1"]
[PlyCount "42"]
[GameId "2310701336279676"]
[EventDate "2026.05.15"]
[EventType "swiss"]
[EventRounds "5"]
[EventCountry "MNE"]
[SourceVersionDate "2026.05.16"]

1. d4 Nf6 2. Nf3 c5 3. d5 g6 4. Nc3 d6 5. e4 Bg7 6. Be2 O-O 7. h3 b5 8. e5 dxe5 9. Bxb5 e4 10. Ne5 Qc7 11. Nc4 Rd8 12. O-O Be6 13. Ne3 Bc8 14. Qe2 Bb7 15. Rd1 Nbd7 16. Ng4 Nxg4 17. Qxg4 Nf6 18. Qh4 Nxd5 19. Nxd5 Rxd5 20. Re1 c4 21. Ba4 Ra5 0-1

[Event "CEDIS Festival saha 2026 - 3. turnir"]
[Site "Podgorica"]
[Date "2026.05.16"]
[Round "3.3"]
[White "Djukic, Katarina"]
[Black "Lauda, Alexandr"]
[Result "0-1"]
[WhiteElo "1787"]
[BlackElo "2230"]
[WhiteFideId "-1"]
[BlackFideId "-1"]
[PlyCount "100"]
[GameId "2310702672247464"]
[EventDate "2026.05.15"]
[EventType "swiss"]
[EventRounds "5"]
[EventCountry "MNE"]
[SourceVersionDate "2026.05.16"]

1. e4 c6 2. Nc3 d5 3. Nf3 Bg4 4. h3 Bxf3 5. Qxf3 e6 6. Be2 Nd7 7. d4 Bb4 8. O-O Ne7 9. Bd3 O-O 10. Ne2 Ng6 11. c3 Be7 12. g3 Bg5 13. Nf4 Bxf4 14. Bxf4 e5 15. dxe5 Ndxe5 16. Bxe5 Nxe5 17. Qd1 Qd7 18. Kg2 Rad8 19. Bc2 dxe4 20. Qxd7 Rxd7 21. Bxe4 Rd2 22. b4 f5 23. Bb1 f4 24. gxf4 Rxf4 25. a4 g5 26. Ba2+ Kg7 27. Be6 Kf6 28. Bc8 Nc4 29. Rae1 Nd6 30. Bg4 Ne4 31. Kg1 Nxf2 32. Re3 Kf7 33. Bh5+ Kg7 34. Rg3 Kf6 35. Bf3 Nd3 36. Be4 Rxf1+ 37. Kxf1 Nf4 38. Bxh7 Rh2 39. Be4 Rxh3 40. Rxh3 Nxh3 41. c4 Ke5 42. Bh1 Kd4 43. b5 cxb5 44. cxb5 b6 45. Bf3 Nf4 46. Bd1 Kc3 47. Kf2 Nd3+ 48. Kg3 Nb2 49. Be2 Nxa4 50. Kg4 Kb4 0-1

[Event "CEDIS Festival saha 2026 - 3. turnir"]
[Site "Podgorica"]
[Date "2026.05.16"]
[Round "3.4"]
[White "Peric, Toman"]
[Black "Sijaric, Alvir"]
[Result "0-1"]
[WhiteElo "1762"]
[BlackElo "1964"]
[WhiteFideId "-1"]
[BlackFideId "-1"]
[PlyCount "120"]
[GameId "2310703927216960"]
[EventDate "2026.05.15"]
[EventType "swiss"]
[EventRounds "5"]
[EventCountry "MNE"]
[SourceVersionDate "2026.05.16"]

1. e4 c6 2. d4 d5 3. exd5 cxd5 4. Bd3 Nc6 5. c3 Qc7 6. Ne2 Bg4 7. Bf4 Qxf4 8. Nxf4 Bxd1 9. Kxd1 e6 10. Re1 Nf6 11. h3 Bd6 12. Ne2 h5 13. Ng3 g6 14. Nd2 O-O-O 15. Nf3 h4 16. Nf1 Nh5 17. Ne3 Nf4 18. Bf1 Kd7 19. Ng4 Ke7 20. b3 f5 21. Ne3 Kf6 22. b4 Rc8 23. Rc1 a5 24. b5 Ne7 25. a4 g5 26. c4 Bb4 27. Nd2 dxc4 28. Bxc4 Rhd8 29. g3 Rxd4 30. Rc2 Nxh3 31. Ke2 Rxd2+ 32. Rxd2 Bxd2 33. Kxd2 Nxf2 34. gxh4 f4 35. hxg5+ Kxg5 36. Bxe6 Rd8+ 37. Ke2 fxe3 38. Kxe3 Nd1+ 39. Kf3 Kf6 40. Bc4 Rd6 41. Kg2 Nf5 42. Kf3 Nde3 43. Bg8 Rd4 44. Rc1 Nd5 45. Bxd5 Rxd5 46. Rc7 Nd6 47. Ke3 Ke6 48. Rh7 Rg5 49. Kf4 Rf5+ 50. Ke3 Kd5 51. Rh8 Kc5 52. Ra8 Kb4 53. Rd8 Rd5 54. Rh8 Kxa4 55. b6 Kb5 56. Rh1 Kxb6 57. Rb1+ Ka6 58. Rb3 a4 59. Rb4 b5 60. Rg4 Ka5 0-1

[Event "CEDIS Festival saha 2026 - 3. turnir"]
[Site "Podgorica"]
[Date "2026.05.16"]
[Round "3.5"]
[White "Pavlovic, David"]
[Black "Agic, Zejn"]
[Result "1-0"]
[WhiteElo "1806"]
[BlackElo "1623"]
[WhiteFideId "-1"]
[BlackFideId "-1"]
[PlyCount "113"]
[GameId "2310705466948641"]
[EventDate "2026.05.15"]
[EventType "swiss"]
[EventRounds "5"]
[EventCountry "MNE"]
[SourceVersionDate "2026.05.16"]

1. e4 e5 2. Nf3 Nc6 3. Nc3 Nf6 4. d4 exd4 5. Nxd4 Bb4 6. Nxc6 bxc6 7. Bd3 O-O 8. O-O d5 9. exd5 cxd5 10. Bg5 Bb7 11. Qf3 Rb8 12. Qh3 h6 13. Bh4 Qd7 14. Bf5 Qd6 15. Rad1 Ba6 16. Bxf6 Qxf6 17. Nxd5 Qxb2 18. Bd3 Bxd3 19. Qxd3 Qxa2 20. Ra1 Qb2 21. Rab1 Qa3 22. Nxb4 Qxd3 23. Nxd3 Rb6 24. Rxb6 axb6 25. Ra1 Rd8 26. Kf1 f6 27. Ra7 c5 28. Rb7 c4 29. Nb2 c3 30. Nd3 Rd6 31. Ke2 Kh7 32. Rc7 Re6+ 33. Kd1 b5 34. Rxc3 Ra6 35. Rb3 Ra1+ 36. Nc1 Ra5 37. Kd2 Kg6 38. Nd3 f5 39. Ke3 Kg5 40. Rb4 g6 41. h4+ Kf6 42. Nc5 g5 43. Rd4 f4+ 44. Ke4 Ra2 45. Rd2 Rb2 46. Nb3 Ra2 47. Rd6+ Ke7 48. Rc6 Ra4+ 49. Ke5 gxh4 50. Rxh6 Rc4 51. Nd4 Rc5+ 52. Ke4 Rg5 53. Rxh4 Rxg2 54. Rxf4 Rg1 55. Nxb5 Re1+ 56. Kf5 Re6 57. Re4 1-0

[Event "CEDIS Festival saha 2026 - 3. turnir"]
[Site "Podgorica"]
[Date "2026.05.16"]
[Round "3.6"]
[White "Abramovic, Dragoljub"]
[Black "Altinok, Mehmet Akif"]
[Result "1-0"]
[WhiteElo "2056"]
[BlackElo "1550"]
[WhiteFideId "-1"]
[BlackFideId "-1"]
[PlyCount "91"]
[GameId "2310706658008261"]
[EventDate "2026.05.15"]
[EventType "swiss"]
[EventRounds "5"]
[EventCountry "MNE"]
[SourceVersionDate "2026.05.16"]

1. d4 Nf6 2. Bg5 d5 3. Nf3 h6 4. Bxf6 gxf6 5. e3 Rg8 6. g3 Bg4 7. h3 Bf5 8. Bd3 Qd7 9. g4 Bg6 10. Bxg6 fxg6 11. Qd3 Nc6 12. Nc3 O-O-O 13. O-O-O g5 14. e4 e6 15. Rhe1 Bd6 16. Kb1 Nb4 17. Qe2 Bf4 18. a3 Nc6 19. Na4 Na5 20. Nc5 Qc6 21. Qd3 Rg7 22. exd5 Rxd5 23. Rxe6 Rd6 24. Qf5 Kb8 25. Qxf6 Rg8 26. Ne5 Bxe5 27. Qxe5 Nc4 28. Qe1 a5 29. Rxd6 cxd6 30. Qe6 Nxa3+ 31. bxa3 Rc8 32. Qxh6 Qb5+ 33. Nb3 Qc6 34. Qg6 a4 35. Nc1 Qb5+ 36. Ka1 Rc6 37. Qd3 Qa5 38. Na2 Qc7 39. c3 Qf7 40. Rb1 Qxf2 41. Qb5 Rc7 42. Qxa4 Qg2 43. Qb4 Qxh3 44. Qxd6 Qxg4 45. Nb4 Qe2 46. Nd5 1-0

[Event "CEDIS Festival saha 2026 - 3. turnir"]
[Site "Podgorica"]
[Date "2026.05.16"]
[Round "3.7"]
[White "Mitric, Nebojsa"]
[Black "Radonjic, Zoran"]
[Result "1/2-1/2"]
[WhiteElo "1857"]
[BlackElo "1492"]
[WhiteFideId "-1"]
[BlackFideId "-1"]
[PlyCount "62"]
[GameId "2310709364944285"]
[EventDate "2026.05.15"]
[EventType "swiss"]
[EventRounds "5"]
[EventCountry "MNE"]
[SourceVersionDate "2026.05.16"]

1. e4 e5 2. Nf3 Nc6 3. Bb5 a6 4. Bxc6 bxc6 5. O-O d6 6. h3 Nf6 7. Re1 Be7 8. d4 exd4 9. Nxd4 Bb7 10. e5 dxe5 11. Nf5 Qxd1 12. Rxd1 g6 13. Nh6 Kf8 14. g4 Bd6 15. b3 Kg7 16. g5 Ne4 17. f3 Bc5+ 18. Kg2 Nd6 19. Bb2 Rhe8 20. Ng4 Bd4 21. c3 Bb6 22. Nxe5 Nf5 23. Kh2 Rad8 24. Re1 Be3 25. c4 Bd4 26. Bxd4 Nxd4 27. Na3 Rxe5 28. Rxe5 Nxf3+ 29. Kg3 Nxe5 30. Re1 Rd3+ 31. Kf4 Nd7 1/2-1/2

[Event "CEDIS Festival saha 2026 - 3. turnir"]
[Site "Podgorica"]
[Date "2026.05.16"]
[Round "3.8"]
[White "Markovic, Matija D"]
[Black "Jankovic, Jovan"]
[Result "0-1"]
[WhiteElo "1633"]
[BlackElo "1848"]
[WhiteFideId "-1"]
[BlackFideId "-1"]
[PlyCount "22"]
[GameId "2310710391226425"]
[EventDate "2026.05.15"]
[EventType "swiss"]
[EventRounds "5"]
[EventCountry "MNE"]
[SourceVersionDate "2026.05.16"]

1. e4 e5 2. Nf3 Nf6 3. Nxe5 Nc6 4. Nxc6 dxc6 5. Nc3 Bc5 6. h3 h5 7. Be2 Qd4 8. O-O Ng4 9. hxg4 hxg4 10. Bxg4 Qe5 11. g3 Qxg3# 0-1

[Event "CEDIS Festival saha 2026 - 3. turnir"]
[Site "Podgorica"]
[Date "2026.05.16"]
[Round "3.10"]
[White "Mihajlovic, Stefan"]
[Black "Markovic, Janko"]
[Result "1-0"]
[WhiteElo "1575"]
[BlackElo "1601"]
[WhiteFideId "-1"]
[BlackFideId "-1"]
[PlyCount "61"]
[GameId "2310712483102896"]
[EventDate "2026.05.15"]
[EventType "swiss"]
[EventRounds "5"]
[EventCountry "MNE"]
[SourceVersionDate "2026.05.16"]

1. e4 c5 2. Nf3 d6 3. d4 cxd4 4. Nxd4 Nf6 5. Nc3 Nc6 6. Be3 e5 7. Nb3 a6 8. f3 Be7 9. Qd2 Be6 10. g4 d5 11. exd5 Nxd5 12. O-O-O Nxe3 13. Qxe3 Qc7 14. Kb1 Rd8 15. Bd3 Bxb3 16. cxb3 Nb4 17. Be4 O-O 18. h4 Rxd1+ 19. Rxd1 Bc5 20. Qg5 Be7 21. Qh5 g6 22. Qh6 Re8 23. h5 Bf8 24. Qd2 Be7 25. hxg6 fxg6 26. Qh2 Rd8 27. Rh1 Bg5 28. a3 Nc6 29. Bxg6 hxg6 30. Qh8+ Kf7 31. Qh7+ 1-0

[Event "CEDIS Festival saha 2026 - 3. turnir"]
[Site "Podgorica"]
[Date "2026.05.16"]
[Round "3.11"]
[White "Palkhouski, Hleb"]
[Black "Mitrovic, Danilo"]
[Result "1-0"]
[WhiteElo "1680"]
[BlackElo "1590"]
[WhiteFideId "-1"]
[BlackFideId "-1"]
[PlyCount "59"]
[GameId "2310714232815925"]
[EventDate "2026.05.15"]
[EventType "swiss"]
[EventRounds "5"]
[EventCountry "MNE"]
[SourceVersionDate "2026.05.16"]

1. e4 c6 2. d4 d5 3. Nc3 dxe4 4. Nxe4 Bf5 5. Ng3 Bg6 6. Nf3 e6 7. h4 h6 8. h5 Bh7 9. Bd3 Bxd3 10. Qxd3 Nd7 11. Bd2 Ngf6 12. O-O-O Bd6 13. Ne4 Qc7 14. Nxd6+ Qxd6 15. g3 O-O-O 16. Bf4 Qd5 17. Qa3 Nxh5 18. Be5 Nhf6 19. Qxa7 Nxe5 20. Nxe5 Rhf8 21. Rhe1 Nd7 22. Nxd7 Rxd7 23. Qa8+ Kc7 24. Qxf8 Qxa2 25. Qa3 Qc4 26. Qb3 Qa6 27. Kb1 Rd5 28. Re5 Rxe5 29. dxe5 Qe2 30. Qd3 1-0

[Event "CEDIS Festival saha 2026 - 3. turnir"]
[Site "Podgorica"]
[Date "2026.05.16"]
[Round "3.13"]
[White "Vukovic, Stefan"]
[Black "Popovic, Nikola"]
[Result "1/2-1/2"]
[WhiteElo "1488"]
[BlackElo "1744"]
[WhiteFideId "-1"]
[BlackFideId "-1"]
[PlyCount "96"]
[GameId "2310716803199552"]
[EventDate "2026.05.15"]
[EventType "swiss"]
[EventRounds "5"]
[EventCountry "MNE"]
[SourceVersionDate "2026.05.16"]

1. e4 c5 2. Nc3 Nc6 3. f4 g6 4. Nf3 Bg7 5. Bc4 a6 6. a4 e6 7. e5 Nh6 8. d3 Nf5 9. O-O b6 10. Ne2 h5 11. d4 cxd4 12. Nfxd4 Bb7 13. Nxc6 Bxc6 14. Nd4 Qc7 15. Nxc6 Qxc6 16. Be2 O-O 17. Kh1 Rac8 18. Bxa6 Rc7 19. Bb5 Qc5 20. c4 Rd8 21. b3 Qe7 22. Ba3 Qh4 23. Qf3 Bf8 24. Bxf8 Kxf8 25. Rfd1 d6 26. exd6 Rxd6 27. Rxd6 Nxd6 28. Qd3 Qxf4 29. Rf1 Qe5 30. Qxg6 Qe2 31. Qh6+ Kg8 32. Qg5+ Kh7 33. Qf4 e5 34. Qf2 Qxf2 35. Rxf2 f5 36. Rd2 Nxb5 37. axb5 e4 38. g3 Ra7 39. Kg1 Ra1+ 40. Kf2 Kg6 41. Rd6+ Kg5 42. Rxb6 Ra2+ 43. Ke3 Ra3 44. Rb8 Rxb3+ 45. Ke2 Rb2+ 46. Ke3 Rb3+ 47. Ke2 Rb2+ 48. Ke3 Rb3+ 1/2-1/2

[Event "CEDIS Festival saha 2026 - 3. turnir"]
[Site "Podgorica"]
[Date "2026.05.17"]
[Round "4.1"]
[White "Djukanovic, Sreten"]
[Black "Rasovic, Uros"]
[Result "1/2-1/2"]
[WhiteElo "2150"]
[BlackElo "2171"]
[WhiteFideId "-1"]
[BlackFideId "-1"]
[PlyCount "46"]
[GameId "2310789022383827"]
[EventDate "2026.05.15"]
[EventType "swiss"]
[EventRounds "5"]
[EventCountry "MNE"]
[SourceVersionDate "2026.05.16"]

1. d4 Nf6 2. c4 g6 3. Nc3 d5 4. Nf3 Bg7 5. e3 O-O 6. cxd5 Nxd5 7. Bc4 Nb6 8. Bb3 c5 9. O-O cxd4 10. exd4 Bg4 11. h3 Bxf3 12. Qxf3 Nc6 13. Rd1 Qd7 14. d5 Nd4 15. Qe4 Nxb3 16. axb3 Nc8 17. Bg5 Re8 18. Qa4 Qxa4 19. Rxa4 Nd6 20. Re1 Kf8 21. Ne4 Rad8 22. Nxd6 Rxd6 23. Rxa7 f6 1/2-1/2

[Event "CEDIS Festival saha 2026 - 3. turnir"]
[Site "Podgorica"]
[Date "2026.05.17"]
[Round "4.2"]
[White "Lauda, Alexandr"]
[Black "Pavlovic, David"]
[Result "1-0"]
[WhiteElo "2230"]
[BlackElo "1806"]
[WhiteFideId "-1"]
[BlackFideId "-1"]
[PlyCount "81"]
[GameId "2310795042127620"]
[EventDate "2026.05.15"]
[EventType "swiss"]
[EventRounds "5"]
[EventCountry "MNE"]
[SourceVersionDate "2026.05.16"]

1. d4 d5 2. c4 e6 3. Nf3 Nf6 4. g3 c5 5. cxd5 exd5 6. Bg2 Nc6 7. O-O Be7 8. Nc3 O-O 9. Bg5 h6 10. Bxf6 Bxf6 11. dxc5 Be6 12. Qd2 Rc8 13. e3 Ne5 14. Nxe5 Bxe5 15. Nxd5 Rxc5 16. e4 Bxd5 17. exd5 Qf6 18. Rab1 Rfc8 19. Be4 Rc4 20. Rfe1 Bd4 21. Re2 Bb6 22. Qd3 g6 23. Kg2 Rd4 24. Qf3 Qd6 25. Rbe1 f5 26. Bc2 Rxc2 27. Rxc2 Qxd5 28. Qxd5+ Rxd5 29. Re7 Rd8 30. Rxb7 g5 31. f3 g4 32. fxg4 fxg4 33. h3 h5 34. hxg4 hxg4 35. b4 Kf8 36. a4 Be3 37. a5 a6 38. b5 axb5 39. a6 Ra8 40. a7 Bxa7 41. Ra2 1-0

[Event "CEDIS Festival saha 2026 - 3. turnir"]
[Site "Podgorica"]
[Date "2026.05.17"]
[Round "4.3"]
[White "Sijaric, Alvir"]
[Black "Mitrovic, Miroslav"]
[Result "1-0"]
[WhiteElo "1964"]
[BlackElo "1997"]
[WhiteFideId "-1"]
[BlackFideId "-1"]
[PlyCount "81"]
[GameId "2310795969990521"]
[EventDate "2026.05.15"]
[EventType "swiss"]
[EventRounds "5"]
[EventCountry "MNE"]
[SourceVersionDate "2026.05.16"]

1. Nf3 Nf6 2. c4 c5 3. b3 b6 4. Bb2 Bb7 5. g3 e6 6. Bg2 Be7 7. O-O O-O 8. d4 d6 9. Nc3 Ne4 10. d5 Nxc3 11. Bxc3 e5 12. e4 Bc8 13. Nd2 f5 14. exf5 Bxf5 15. Bxe5 Bf6 16. Bxf6 Qxf6 17. Ne4 Bxe4 18. Bxe4 Nd7 19. Qg4 Ne5 20. Qe6+ Nf7 21. Qxf6 gxf6 22. Bf5 Kg7 23. Rfe1 Rfe8 24. f4 Nh6 25. Bd7 Rxe1+ 26. Rxe1 Kf7 27. Kf2 Rd8 28. Be6+ Kf8 29. h3 Rb8 30. a4 a5 31. g4 Rb7 32. g5 fxg5 33. fxg5 Nf7 34. Bxf7 Rxf7+ 35. Kg3 Kg7 36. Re6 Rd7 37. Kg4 Kf7 38. h4 Kg7 39. Kh5 Rd8 40. Re7+ Kg8 41. Kh6 1-0

[Event "CEDIS Festival saha 2026 - 3. turnir"]
[Site "Podgorica"]
[Date "2026.05.17"]
[Round "4.4"]
[White "Jeknic, Velimir"]
[Black "Abramovic, Dragoljub"]
[Result "1/2-1/2"]
[WhiteElo "1864"]
[BlackElo "2056"]
[WhiteFideId "-1"]
[BlackFideId "-1"]
[PlyCount "123"]
[GameId "2310796771794857"]
[EventDate "2026.05.15"]
[EventType "swiss"]
[EventRounds "5"]
[EventCountry "MNE"]
[SourceVersionDate "2026.05.16"]

1. e4 e6 2. d4 d5 3. Nc3 Bb4 4. e5 Qd7 5. Qg4 Bxc3+ 6. bxc3 f5 7. Qg3 b6 8. Nh3 Ba6 9. Bd3 Bc4 10. a4 Nc6 11. Bxc4 dxc4 12. Nf4 O-O-O 13. h4 Nxe5 14. a5 Nf6 15. axb6 axb6 16. Qe3 Nc6 17. Qe2 Nd5 18. Qxc4 Nb8 19. Ra7 Qc6 20. Qxc6 Nxc6 21. Ra8+ Kd7 22. Rxd8+ Rxd8 23. Bd2 Ra8 24. Ke2 Ra3 25. Rh3 Nxf4+ 26. Bxf4 Ne7 27. h5 Nd5 28. Bd2 Nf6 29. f3 Ke8 30. c4 Kf7 31. Rh1 Ne8 32. c5 b5 33. g4 c6 34. Bf4 Nf6 35. g5 Nd5 36. Be5 Ra7 37. g6+ hxg6 38. hxg6+ Kxg6 39. Rg1+ Kh7 40. Rh1+ Kg8 41. Rg1 Rb7 42. Rg6 Re7 43. Rg1 Rf7 44. Ra1 Rb7 45. Ra6 Ne7 46. Bd6 Kf7 47. Bxe7 Kxe7 48. Rxc6 g5 49. Ke3 b4 50. Ra6 b3 51. cxb3 Rxb3+ 52. Ke2 Rc3 53. Ra7+ Kf8 54. Rd7 Ke8 55. Rg7 e5 56. Rxg5 exd4 57. Rxf5 Ke7 58. f4 Ke6 59. Re5+ Kf6 60. Kd2 Kf7 61. f5 Kf6 62. Rd5 1/2-1/2

[Event "CEDIS Festival saha 2026 - 3. turnir"]
[Site "Podgorica"]
[Date "2026.05.17"]
[Round "4.5"]
[White "Jankovic, Jovan"]
[Black "Baranin, Gojko"]
[Result "1/2-1/2"]
[WhiteElo "1848"]
[BlackElo "1781"]
[WhiteFideId "-1"]
[BlackFideId "-1"]
[PlyCount "109"]
[GameId "2310798834348283"]
[EventDate "2026.05.15"]
[EventType "swiss"]
[EventRounds "5"]
[EventCountry "MNE"]
[SourceVersionDate "2026.05.16"]

1. e4 e6 2. d4 d5 3. Nc3 Nf6 4. e5 Nfd7 5. f4 c5 6. Nf3 Qb6 7. a3 Nc6 8. Ne2 cxd4 9. Nexd4 Nxd4 10. Nxd4 Bc5 11. c3 O-O 12. b4 Bxd4 13. Qxd4 Qc7 14. Bd3 f6 15. exf6 Nxf6 16. O-O Bd7 17. Bd2 a6 18. Rac1 b5 19. Rf3 Qa7 20. Be3 Qxd4 21. Bxd4 Ne4 22. Re1 Bc6 23. Bf1 Rf7 24. g3 Re8 25. h4 e5 26. Be3 Nxc3 27. Bd2 d4 28. Rf2 e4 29. Bxc3 dxc3 30. Rc2 Rd7 31. Rxc3 Ba8 32. Re2 Kf8 33. Ree3 Kf7 34. a4 Rd5 35. axb5 axb5 36. Bg2 Rd4 37. Rb3 Bd5 38. Rb1 Bc4 39. Bf1 Bxf1 40. Kxf1 Rc8 41. Rb2 Rcc4 42. Reb3 h6 43. Ke2 Kf6 44. Ke3 Kf5 45. Kf2 Kg4 46. Ke2 Rd3 47. Rxd3 exd3+ 48. Kxd3 Kxg3 49. f5 Kf4 50. Rf2+ Ke5 51. h5 Rxb4 52. Rg2 Kxf5 53. Rxg7 Rh4 54. Rb7 b4 55. Rb5+ 1/2-1/2

[Event "CEDIS Festival saha 2026 - 3. turnir"]
[Site "Podgorica"]
[Date "2026.05.17"]
[Round "4.6"]
[White "Mihajlovic, Stefan"]
[Black "Vesovic, Nebojsa"]
[Result "0-1"]
[WhiteElo "1575"]
[BlackElo "1789"]
[WhiteFideId "-1"]
[BlackFideId "-1"]
[PlyCount "92"]
[GameId "2310801429725651"]
[EventDate "2026.05.15"]
[EventType "swiss"]
[EventRounds "5"]
[EventCountry "MNE"]
[SourceVersionDate "2026.05.16"]

1. e4 c5 2. Nf3 d6 3. d4 Nf6 4. Nc3 cxd4 5. Nxd4 a6 6. Be3 g6 7. f3 Bg7 8. Qd2 Nbd7 9. O-O-O b5 10. Nd5 Bb7 11. Nb3 Rc8 12. Kb1 O-O 13. g4 Bxd5 14. exd5 Ne5 15. Be2 Nc4 16. Bxc4 bxc4 17. Nd4 c3 18. Qd3 Nxd5 19. Nc6 Rxc6 20. Qxd5 Qb8 21. b3 Qb5 22. a4 Qxd5 23. Rxd5 e6 24. Rd3 d5 25. h4 Rd8 26. h5 Rb8 27. hxg6 fxg6 28. f4 Rb4 29. g5 Re4 30. Bc1 Bf8 31. Rdh3 Rc7 32. Re3 Rxe3 33. Bxe3 Bg7 34. Rd1 Rf7 35. Rd3 h5 36. gxh6 Bxh6 37. Rxc3 Bxf4 38. Bxf4 Rxf4 39. Rc6 Rf6 40. Rxa6 g5 41. Ra8+ Kg7 42. a5 g4 43. a6 g3 44. a7 g2 45. Rg8+ Kxg8 46. a8=Q+ Rf8 0-1

[Event "CEDIS Festival saha 2026 - 3. turnir"]
[Site "Podgorica"]
[Date "2026.05.17"]
[Round "4.7"]
[White "Agic, Zejn"]
[Black "Mitric, Nebojsa"]
[Result "1/2-1/2"]
[WhiteElo "1623"]
[BlackElo "1857"]
[WhiteFideId "-1"]
[BlackFideId "-1"]
[PlyCount "88"]
[GameId "2310802538107436"]
[EventDate "2026.05.15"]
[EventType "swiss"]
[EventRounds "5"]
[EventCountry "MNE"]
[SourceVersionDate "2026.05.16"]

1. e4 e5 2. Nf3 Nf6 3. Nc3 d6 4. d3 Bg4 5. h3 Bxf3 6. Qxf3 Nc6 7. Be3 Qd7 8. Be2 O-O-O 9. O-O-O Nd4 10. Bxd4 exd4 11. Nd5 Qe6 12. Nxf6 Qxa2 13. Qf5+ Kb8 14. Nd7+ Ka8 15. Nxf8 Rhxf8 16. Qb5 d5 17. exd5 Rxd5 18. Qb3 Qa1+ 19. Kd2 Qa5+ 20. c3 Rb5 21. Qc2 Qb6 22. Rb1 dxc3+ 23. bxc3 Rxb1 24. Rxb1 Qxf2 25. d4 Re8 26. Re1 Qxg2 27. Qxh7 a6 28. Qh5 g6 29. Qg4 Qd5 30. Bc4 Qc6 31. Bd5 Qa4 32. Rxe8+ Qxe8 33. Qe4 Qb5 34. Bxf7 Qb2+ 35. Qc2 Qa1 36. Bxg6 Qf1 37. Bf5 Qf2+ 38. Kc1 Qf1+ 39. Kb2 Qb5+ 40. Kc1 Qf1+ 41. Kb2 Qb5+ 42. Ka3 Qa5+ 43. Kb2 Qb5+ 44. Kc1 Qf1+ 1/2-1/2

[Event "CEDIS Festival saha 2026 - 3. turnir"]
[Site "Podgorica"]
[Date "2026.05.17"]
[Round "4.8"]
[White "Vujadinovic, Zeljko"]
[Black "Palkhouski, Hleb"]
[Result "1-0"]
[WhiteElo "1807"]
[BlackElo "1680"]
[WhiteFideId "-1"]
[BlackFideId "-1"]
[PlyCount "51"]
[GameId "2310803737101037"]
[EventDate "2026.05.15"]
[EventType "swiss"]
[EventRounds "5"]
[EventCountry "MNE"]
[SourceVersionDate "2026.05.16"]

1. d4 Nf6 2. Nf3 e6 3. Bg5 d5 4. e3 c5 5. c3 Nbd7 6. Nbd2 Bd6 7. Bd3 Qc7 8. Rc1 O-O 9. Bb1 b6 10. Bh4 Bb7 11. Bg3 Ne4 12. Nxe4 dxe4 13. Ng5 Nf6 14. Qb3 Bxg3 15. fxg3 h6 16. Nh3 e5 17. O-O c4 18. Qd1 exd4 19. cxd4 b5 20. Rxf6 gxf6 21. Qh5 Kg7 22. Rf1 f5 23. Qxf5 Qc6 24. Nf4 Rae8 25. Nh5+ Kh8 26. Nf6 1-0

[Event "CEDIS Festival saha 2026 - 3. turnir"]
[Site "Podgorica"]
[Date "2026.05.17"]
[Round "4.9"]
[White "Rabrenovic, Matija"]
[Black "Cabarkapa, Jakov"]
[Result "1/2-1/2"]
[WhiteElo "1801"]
[BlackElo "1537"]
[WhiteFideId "-1"]
[BlackFideId "-1"]
[PlyCount "46"]
[GameId "2310804858594073"]
[EventDate "2026.05.15"]
[EventType "swiss"]
[EventRounds "5"]
[EventCountry "MNE"]
[SourceVersionDate "2026.05.16"]

1. e4 e6 2. d3 d5 3. Nd2 c5 4. Ngf3 Nc6 5. g3 Nf6 6. Bg2 Be7 7. O-O O-O 8. Re1 dxe4 9. dxe4 b6 10. e5 Nd7 11. Nf1 Qc7 12. Bf4 Bb7 13. h4 Rad8 14. Qe2 Ncb8 15. h5 Ba6 16. c4 Nc6 17. Rad1 Na5 18. b3 Nb8 19. Ne3 Rxd1 20. Rxd1 Rd8 21. Ng4 Rxd1+ 22. Qxd1 Qd7 23. Qc2 Nbc6 1/2-1/2

[Event "CEDIS Festival saha 2026 - 3. turnir"]
[Site "Podgorica"]
[Date "2026.05.17"]
[Round "4.10"]
[White "Radonjic, Zoran"]
[Black "Peric, Toman"]
[Result "0-1"]
[WhiteElo "1492"]
[BlackElo "1762"]
[WhiteFideId "-1"]
[BlackFideId "-1"]
[PlyCount "60"]
[GameId "2310805477688144"]
[EventDate "2026.05.15"]
[EventType "swiss"]
[EventRounds "5"]
[EventCountry "MNE"]
[SourceVersionDate "2026.05.16"]

1. e4 c6 2. d4 d5 3. Nc3 dxe4 4. Nxe4 Nf6 5. Ng5 e6 6. Bd3 Bd6 7. N1f3 O-O 8. Ne5 h6 9. h4 Bxe5 10. dxe5 Qa5+ 11. c3 Qxe5+ 12. Be3 Nd5 13. Qe2 Nxe3 14. fxe3 Qg3+ 15. Kf1 e5 16. Ne4 Qg4 17. Qf2 b6 18. Rh3 f5 19. Nd6 f4 20. Nxc8 Qxc8 21. Kg1 Nd7 22. Rd1 Nf6 23. exf4 Ng4 24. Bc4+ Kh8 25. Qe2 Rxf4 26. Rd6 Qf5 27. Rhd3 Rxc4 28. Rd8+ Rxd8 29. Rxd8+ Kh7 30. Qxc4 Qf2+ 0-1

[Event "CEDIS Festival saha 2026 - 3. turnir"]
[Site "Podgorica"]
[Date "2026.05.17"]
[Round "4.11"]
[White "Altinok, Mehmet Akif"]
[Black "Djukic, Katarina"]
[Result "1-0"]
[WhiteElo "1550"]
[BlackElo "1787"]
[WhiteFideId "-1"]
[BlackFideId "-1"]
[PlyCount "61"]
[GameId "2310807224656846"]
[EventDate "2026.05.15"]
[EventType "swiss"]
[EventRounds "5"]
[EventCountry "MNE"]
[SourceVersionDate "2026.05.16"]

1. Nf3 g6 2. g3 Bg7 3. c4 c6 4. Bg2 d5 5. Qb3 e5 6. d3 Ne7 7. cxd5 cxd5 8. Nc3 Nbc6 9. O-O O-O 10. Bg5 h6 11. Bd2 Be6 12. Qa4 Rc8 13. Rac1 Qd7 14. h4 f5 15. e4 fxe4 16. dxe4 d4 17. Ne2 Bg4 18. Qb3+ Kh7 19. Qd3 Rf7 20. Nh2 Be6 21. f4 Rcf8 22. h5 Rf6 23. hxg6+ Kh8 24. f5 Nxf5 25. exf5 Bxf5 26. Be4 Bxe4 27. Qxe4 Qh3 28. Rxf6 Rxf6 29. Rf1 Rxf1+ 30. Nxf1 Qe6 31. b3 1-0